Essential paediatric MCQs (Record no. 29744)

MARC details
000 -LEADER
fixed length control field 00421nam a2200181Ia 4500
020 ## - INTERNATIONAL STANDARD BOOK NUMBER
ISBN 9780443034466
050 ## - CALL MARK
Classification number RJ 45 .J64/
100 ## - STATEMENT OF RESPONSIBILITY--MAIN AUTHOR NAME
Personal name Johnston, Derek I.
245 #0 - TITLE STATEMENT
Title Essential paediatric MCQs
250 ## - EDITION / VOLUME STATEMENT
Edition / Volume statement 2nd ed.
260 ## - PUBLICATION, DISTRIBUTION, ETC. (IMPRINT)
Place of publication New York
260 ## - PUBLICATION, DISTRIBUTION, ETC. (IMPRINT)
Name of publisher Churchill Livingstone
260 ## - PUBLICATION, DISTRIBUTION, ETC. (IMPRINT)
Year of publication 1989
300 ## - PHYSICAL DESCRIPTION
Number of Pages 152 p
942 ## - ADDED ENTRY ELEMENTS (KOHA)
Koha item type Books
Holdings
Withdrawn status Lost status Source of classification or shelving scheme Damaged status Not for loan Permanent Location Current Location Date acquired Accession Number Price effective from Koha item type
    Library of Congress Classification     NILE UNIVERSITY OF NIGERIA - MAIN LIBRARY NILE UNIVERSITY OF NIGERIA - MAIN LIBRARY 04/23/2025 0194458 04/23/2025 Books